000 00689nam a2200265 a 4500
003 AR-BaBNM
005 20251128210545.0
008 082120s2002 ||||||||||||||000 | spa||
020 _a84-493-0437-7
040 _cAR-BaBNM
100 1 _aSix, Jean-François
245 0 0 _aDinámica de la mediación
260 _aBarcelona
_bPaidós
_c1997
300 _a227 p.
490 0 _aPaidós mediación
_vv. 5
500 _aContiene como anexo: "La carta y el código de la mediación"
650 4 _aMEDIACION
650 4 _aCONFLICTO LABORAL
650 4 _aMEDIADOR
650 4 _aEDUCACION
650 4 _aFAMILIA
700 1 _aRedorta Lorente, Josep
942 _cBK
998 _calex
999 _c15933
_d15933